Visualizzazione normale
Vista MARC
- Marchetti Gianni
di Personal Name
Records bibliografici associati: 1
001 - CONTROL NUMBER
- control field: 4108
003 - CONTROL NUMBER IDENTIFIER
- control field: IT-RoPau
005 - DATE AND TIME OF LATEST TRANSACTION
- control field: 20131127162445.0
008 - FIXED-LENGTH DATA ELEMENTS
- fixed length control field: 131127|| aca||aabn | a|a d
040 ## - CATALOGING SOURCE
- Original cataloging agency: IT-RoPau
- Transcribing agency: IT-RoPau
100 ## - HEADING--PERSONAL NAME
- Personal name: Marchetti Gianni
- Miscellaneous information: Codice interprete SPICS: 11622
- Relator term: Interprete
670 ## - SOURCE DATA FOUND
- Source citation: Work cat.: (IT-RoPau)103632: Marchetti Gianni 4104, Solstitium (Lp Sp 10073)